000 00924nam a22002777a 4500
001 9446
003 FISKH
005 20260109083513.0
008 260109b cb ||||| |||| 00| 0 eng d
040 _aFISKH
_beng
_cFISKH
_dFISKH
050 _aPZ7
082 _a811
100 _aStrickland, Margaret E.
_eAuthor
245 _aCount to seven /
_cVerses and pictures for little folk by Margaret E. Strickland
260 _aSingapore :
_bHome Health Education Service ,
_c2008
300 _a50 pages :
_bcolor illustrations ;
_c20 cm
505 _aG
520 _aA rhymes book that tells of the things that country children know and do, though they can be appreciated by all other little people everywhere.
521 8 _a300
_bLexile estimate
521 8 _aG
_bRaz-Plus
650 _aRhymes
_vCountry
650 _aVerses
_vFun
700 _aLim, Ruby
_eIllustrator
942 _2ddc
_cBK
_n0
999 _c9446
_d9446